Science Quiz

Random Science or Astronomy Quiz
Score 0/26 Timer 07:00
0 Plays Today
Letter Moon % Correct
QNone
100%
WNone
100%
XNone
100%
ZNone
100%
MMoon
84.8%
IIo
78.6%
TThebe
72%
GGanymede
64.5%
EEuropa
61.1%
PPhobos
59.8%
CCallisto
56.2%
DDeimos
53.6%
OOrthosie
31.8%
Letter Moon % Correct
AAdrastea
26.5%
RRhea
24.5%
NNarvi
20.3%
HHimalia
19.2%
JJanus
19.2%
UUmbriel
18.5%
SSponde
15.9%
KKale
13.8%
LLeda
13.5%
BBebhionn
10.8%
YYmir
10%
FFarbauti
9.4%
VValetudo
8.2%
Remove Ads.
Support Sporcle.
Get the best of Sporcle when you Go Orange. This ad-free experience offers more features, more stats, and more fun while also helping to support Sporcle. Thank you for becoming a member.

You're not logged in!

Compare scores with friends on all Sporcle quizzes.
OR
Log In

Show Comments

Extras

Top Quizzes Today


Score Distribution

Your Account Isn't Verified!

In order to create a playlist on Sporcle, you need to verify the email address you used during registration. Go to your Sporcle Settings to finish the process.

Report this User

Report this user for behavior that violates our Community Guidelines.

Details: